000 01456nam a2200373 a 4500
001 dia_5563
003 CHAP
005 20240202090007.0
007 ta
008 220117s1993 mx ad f 001 0 spa d
040 _cCHAP
_amxchpua
090 _aT.C.170
_bY33 ETIPA
_c1993
245 1 0 _aReporte del viaje a Tecomán, Colima a Citrojugo S. A. de C. V. /
_ccoordinadores Ma. Carmen Ybarra Moncada, Adalberto Gómez Cruz y Salvador Valle Guadarrama ; colaborador Margila García Cruz...[et al.]
260 _aMéxico :
_bEl autor,
_c1993
300 _acerca 60 hojas :
_bilustraciones, tablas, gráficas
336 _2rdacontent
_atexto
_btxt
337 _2rdamedia
_asin medio
_bn
338 _2rdacarrier
_avolumen
_bnc
500 _aGrado : 7° año
502 _aViaje de Estudios
_b(ETIPA) --
_cUACh. Departamento de Ingeniería Agroindustrial,
_d1993
504 _aBibliografía : hoja 40
650 1 3 _aCítricos
_xIndustria
_9148761
_zMéxico
_zColima
650 1 3 _aCitrus fruits
_9153080
_zMexico
_zColima
700 1 _aGómez Cruz, Adalberto
_9147645
_ecordinador
700 1 _aValle Guadarrama, Salvador
_9151202
_ecoordinador
700 1 _aYbarra Moncada, Ma. Carmen
_9163649
_ecoordinadora
700 1 _aGarcía Cruz, Margila
_945886
_ecolaborador
901 _aT.C.170 Y33 ETIPA 1993
902 _aM
905 _a5332271993 mx mn 8223123322spa16
942 _2local
942 _cVE
999 _c176504
_d176504